La cara oculta del Vaticano I. La actualidad de un concilio olvidado.
Uloženo v:
| Hlavní autor: | |
|---|---|
| Médium: | Kniha |
| Jazyk: | angličtina |
| Vydáno: |
Madrid, España:
Biblioteca de Autores Cristianos,
1970.
|
| Edice: | BAC,
|
| Témata: | |
| Tagy: |
Přidat tag
Žádné tagy, Buďte první, kdo vytvoří štítek k tomuto záznamu!
|
MARC
| LEADER | 00000nam a22000007a 4500 | ||
|---|---|---|---|
| 003 | CL-VaPUC | ||
| 005 | 20231031164424.0 | ||
| 008 | 231030t1970 ||||| |||| 00| 0 eng d | ||
| 999 | |c 442221 |d 442219 | ||
| 040 | |c Pontificia Universidad Católica de Valparaíso | ||
| 082 | |2 22 |a 262.52 COL 1970 | ||
| 100 | |9 318747 |a Collantes, Justo, |c S.I. |e autor | ||
| 245 | |a La cara oculta del Vaticano I. |b La actualidad de un concilio olvidado. | ||
| 260 | |a Madrid, España: |b Biblioteca de Autores Cristianos, |c 1970. | ||
| 300 | |a 280 páginas. | ||
| 490 | |a BAC, |n 18. | ||
| 500 | |a c.1 Donación Sr. Jorge Precht Pizarro. 26-05-23. Biblioteca Teología. | ||
| 583 | |c 20231030 |k Yessy Sthefany Diaz Vidal | ||
| 650 | 0 | |9 392466 |a Concilio Vaticano I |v Crítica e interpretación |x Aspectos políticos y religiosos |y 1869-1870 | |
| 650 | 0 | |9 399684 |a Concilios ecuménicos |x Iglesia Católica |y Siglos 19-20 | |
| 942 | |2 ddc |c BK | ||
| 952 | |0 0 |1 0 |2 ddc |4 0 |6 262_520000000000000_COL_1970 |7 0 |8 A |9 592187 |a BIBTEO |b BIBTEO |c GEN |d 2023-10-30 |e Donación |i 5659203 |o 262.52 COL 1970 |p 5659203 |r 2025-01-17 |t 1 |w 2023-10-30 |y BK |k ICR | ||